000 00513nam a2200181Ia 4500
008 090124s9999 xx 000 0 und d
082 _b119128
100 _aजोगळेकर योगिनी
245 _a धागे दोरे
250 _a1
260 _c1982
300 _a212
600 _aजोगळेकर योगिनी
630 _a धागे दोरे
700 _aजोगळेकर योगिनी
730 _a धागे दोरे
942 _cBOOK
999 _c165214
_d165214